Rovnosť príležitostí a jej význam v osobnom a pracovnom živote

Presadzovanie rovnosti príležitostí. Významné aktivity smerujúce k rovnosti príležitostí. Rodová rovnosť v pracovných a životných podmienkach.

Salvato in:
Dettagli Bibliografici
Autore principale: Matulčíková, Marta, 1964-
Natura: Capitolo di libro
Lingua:slovacco
Soggetti:
Tags: Aggiungi Tag
Nessun Tag, puoi essere il primo ad aggiungerne!!

MARC

LEADER 00000naa$a2200000$$$4500
001 0088362
005 20240502072005.7
041 0 |a slo 
044 |a SK 
245 1 0 |a Rovnosť príležitostí a jej význam v osobnom a pracovnom živote  |c Marta Matulčíková 
520 |a Presadzovanie rovnosti príležitostí. Významné aktivity smerujúce k rovnosti príležitostí. Rodová rovnosť v pracovných a životných podmienkach. 
610 2 0 |a legislatíva 
610 2 0 |a príležitosť pracovná 
610 2 0 |a rovnosť rodová 
610 2 0 |a rovnosť príležitostí 
100 1 |a Matulčíková, Marta, 1964-